Chaos : Vznik nové vědy. Z angl.orig.

Enregistré dans:
Détails bibliographiques
Auteur principal: Gleick, James (Auteur)
Format: Livre
Langue:tchèque
Publié: Brno : Ando Publ, 1996
Tags: Ajouter un tag
Pas de tags, Soyez le premier à ajouter un tag!

MARC

LEADER 00000nam a22000003a 4500
001 stu48852
005 20150617225708.0
008 981216s1996------------------------cze-d
020 |a 80-8647-04-0 
040 |a STU  |b slo 
041 0 |a cze 
080 |a 001 
100 1 |a Gleick, James  |4 aut 
245 1 |a Chaos :  |b Vznik nové vědy. Z angl.orig. 
260 |a Brno :  |b Ando Publ,  |c 1996 
300 |a 349 s 
500 |a Obr.,index 
996 |b CB2267  |c C*B2267  |l CCVI  |s P  |a 0  |w stu48852_0001